|
|
|
|
| LEADER |
00000cam a2200000 ca4500 |
| 001 |
1893386821 |
| 003 |
DE-627 |
| 005 |
20260418122200.0 |
| 007 |
tu |
| 008 |
240702m20252025gw ||||| d 00| ||ger c |
| 015 |
|
|
|a 24,N25
|2 dnb
|
| 016 |
7 |
|
|a 1333032781
|2 DE-101
|
| 020 |
|
|
|a 9783795438470
|q Gb. (Set, Bd. 1-3) : EUR 128.00 (DE), EUR 131.60 (AT), CHF 131.60 (freier Preis)
|9 978-3-7954-3847-0
|
| 020 |
|
|
|a 3795438470
|9 3-7954-3847-0
|
| 024 |
3 |
|
|a 9783795438470
|
| 035 |
|
|
|a (DE-627)1893386821
|
| 035 |
|
|
|a (DE-603)523428421
|
| 035 |
|
|
|a (DE-599)DNB1333032781
|
| 035 |
|
|
|a (OCoLC)1529616914
|
| 035 |
|
|
|a (OCoLC)1440133719
|
| 040 |
|
|
|a DE-627
|b ger
|c DE-627
|e rda
|
| 041 |
|
|
|a ger
|
| 044 |
|
|
|c XA-DE-BY
|
| 082 |
0 |
4 |
|a 900
|a 230
|a 943
|q DE-101
|
| 084 |
|
|
|a 68
|2 sdnb
|
| 084 |
|
|
|a 12
|2 sdnb
|
| 084 |
|
|
|a 13
|2 sdnb
|
| 084 |
|
|
|a 63
|2 sdnb
|
| 084 |
|
|
|a KUNST
|q DE-16
|2 fid
|
| 084 |
|
|
|a NR 5985
|q DE-14/sred
|2 rvk
|0 (DE-625)rvk/129489:
|
| 084 |
|
|
|a LK 11030
|q DA-3
|2 rvk
|0 (DE-625)rvk/97539:
|
| 084 |
|
|
|a BO 1730
|q DE-FR129/1009
|2 rvk
|0 (DE-625)rvk/14024:
|
| 084 |
|
|
|a BO 1690
|q DA-3
|2 rvk
|0 (DE-625)rvk/14017:
|
| 084 |
|
|
|a 15.55
|2 bkl
|
| 084 |
|
|
|a 21.70
|2 bkl
|
| 245 |
0 |
0 |
|a Badisches Klosterbuch
|b Klöster, Stifte und religiöse Gemeinschaften in Baden und Hohenzollern : von den Anfängen bis zur Säkularisation
|c herausgegeben von Jürgen Dendorfer und Wolfgang Zimmermann ; KGL, Kommission für geschichtliche Landeskunde in Baden-Württemberg
|
| 264 |
|
1 |
|a Regensburg
|b Schnell & Steiner
|c 2025
|
| 336 |
|
|
|a Text
|b txt
|2 rdacontent
|
| 337 |
|
|
|a ohne Hilfsmittel zu benutzen
|b n
|2 rdamedia
|
| 338 |
|
|
|a Band
|b nc
|2 rdacarrier
|
| 583 |
1 |
|
|a Archivierung/Langzeitarchivierung gewährleistet
|f FID
|x XA-DE-BW
|2 pdager
|5 DE-16
|
| 650 |
0 |
7 |
|0 (DE-588)4031225-2
|0 (DE-627)104529539
|0 (DE-576)208991239
|a Kloster
|2 gnd
|
| 650 |
0 |
7 |
|0 (DE-588)4043726-7
|0 (DE-627)104767634
|0 (DE-576)209057211
|a Orden
|2 gnd
|
| 650 |
0 |
7 |
|0 (DE-588)4057534-2
|0 (DE-627)104180889
|0 (DE-576)209122366
|a Stift
|2 gnd
|
| 651 |
|
7 |
|0 (DE-588)4069065-9
|0 (DE-627)106104403
|0 (DE-576)20917546X
|a Baden
|2 gnd
|
| 651 |
|
7 |
|0 (DE-588)4501457-7
|0 (DE-627)243726562
|0 (DE-576)213086905
|a Hohenzollern
|2 gnd
|
| 655 |
|
7 |
|a Wörterbuch
|0 (DE-588)4066724-8
|0 (DE-627)104682620
|0 (DE-576)209166061
|2 gnd-content
|
| 689 |
0 |
0 |
|d g
|0 (DE-588)4069065-9
|0 (DE-627)106104403
|0 (DE-576)20917546X
|a Baden
|2 gnd
|
| 689 |
0 |
1 |
|d s
|0 (DE-588)4031225-2
|0 (DE-627)104529539
|0 (DE-576)208991239
|a Kloster
|2 gnd
|
| 689 |
0 |
2 |
|d s
|0 (DE-588)4057534-2
|0 (DE-627)104180889
|0 (DE-576)209122366
|a Stift
|2 gnd
|
| 689 |
0 |
3 |
|d s
|0 (DE-588)4043726-7
|0 (DE-627)104767634
|0 (DE-576)209057211
|a Orden
|2 gnd
|
| 689 |
0 |
|
|5 (DE-627)
|
| 689 |
1 |
0 |
|d g
|0 (DE-588)4501457-7
|0 (DE-627)243726562
|0 (DE-576)213086905
|a Hohenzollern
|2 gnd
|
| 689 |
1 |
1 |
|d s
|0 (DE-588)4031225-2
|0 (DE-627)104529539
|0 (DE-576)208991239
|a Kloster
|2 gnd
|
| 689 |
1 |
2 |
|d s
|0 (DE-588)4057534-2
|0 (DE-627)104180889
|0 (DE-576)209122366
|a Stift
|2 gnd
|
| 689 |
1 |
3 |
|d s
|0 (DE-588)4043726-7
|0 (DE-627)104767634
|0 (DE-576)209057211
|a Orden
|2 gnd
|
| 689 |
1 |
|
|5 (DE-627)
|
| 700 |
1 |
|
|a Dendorfer, Jürgen
|d 1971-
|e HerausgeberIn
|0 (DE-588)131511874
|0 (DE-627)510159419
|0 (DE-576)188567984
|4 edt
|
| 700 |
1 |
|
|a Zimmermann, Wolfgang
|d 1960-
|e HerausgeberIn
|0 (DE-588)188394508
|0 (DE-627)699322669
|0 (DE-576)135265959
|4 edt
|
| 710 |
2 |
|
|a Kommission für Geschichtliche Landeskunde in Baden-Württemberg
|e Herausgebendes Organ
|0 (DE-588)1007806-X
|0 (DE-627)103110267
|0 (DE-576)191174254
|4 isb
|
| 787 |
0 |
8 |
|i Rezensiert in
|a Kitzing, Michael, 1980 -
|t [Rezension von: Badisches Klosterbuch : Klöster, Stifte und religiöse Gemeinschaften in Baden und Hohenzollern]
|d 2025
|w (DE-627)1966685238
|
| 856 |
4 |
2 |
|u http://deposit.dnb.de/cgi-bin/dokserv?id=8ed51b6b758f4dd5822a1d3417d4bb0d&prov=M&dok_var=1&dok_ext=htm
|m X:MVB
|q text/html
|x Verlag
|3 Inhaltstext
|7 1
|
| 936 |
r |
v |
|a NR 5985
|b Kloster- und Stiftsgeschichte, Allgemeines
|k Geschichte
|k Landes- und Stadtgeschichte (Allgemeine, Deutsche und Österreichische Landes- und Stadtgeschichte, Ausländische Stadtgeschichte, Geschichte der Auslanddeutschen)
|k Deutsche Landesgeschichte im Einzelnen (einschl. ehemaliger deutscher Gebiete)
|k Baden-Württemberg mit Oberrheinland
|k Kloster- und Stiftsgeschichte, Stadtgeschichte
|k Kloster- und Stiftsgeschichte, Allgemeines
|0 (DE-627)1271474069
|0 (DE-625)rvk/129489:
|0 (DE-576)201474069
|
| 936 |
r |
v |
|a LK 11030
|b Ehemalige und derzeitige Verwaltungseinheiten (z.B. kirchliche), die sich in bestehende administrative Gebiete nicht einordnen lassen. Sonstige Gebiete
|k Kunstgeschichte
|k Kunst nach Ländern bzw. Kontinenten
|k Deutschland
|k Kunsttopografie Deutschlands
|k Ehemalige und derzeitige Verwaltungseinheiten (z.B. kirchliche), die sich in bestehende administrative Gebiete nicht einordnen lassen. Sonstige Gebiete
|0 (DE-627)1271167344
|0 (DE-625)rvk/97539:
|0 (DE-576)201167344
|
| 936 |
r |
v |
|a BO 1730
|b Allgemeines nach Ländern, Territorien und Diözesen
|k Theologie und Religionswissenschaften
|k Patrologie und Kirchengeschichte
|k Kirchengeschichte nach Sachgebieten
|k Ordensgeschichte
|k Darstellungen:
|k Allgemeine Darstellungen
|k Allgemeines nach Ländern, Territorien und Diözesen
|0 (DE-627)1270743953
|0 (DE-625)rvk/14024:
|0 (DE-576)200743953
|
| 936 |
r |
v |
|a BO 1690
|b Teilsammlungen und Sammelwerke
|k Theologie und Religionswissenschaften
|k Patrologie und Kirchengeschichte
|k Kirchengeschichte nach Sachgebieten
|k Ordensgeschichte
|k Darstellungen:
|k Teilsammlungen und Sammelwerke
|0 (DE-627)1270743899
|0 (DE-625)rvk/14017:
|0 (DE-576)200743899
|
| 936 |
b |
k |
|a 15.55
|j Baden-Württemberg
|x Geschichte
|q DA-3
|0 (DE-627)181571617
|
| 936 |
b |
k |
|a 21.70
|j Geschichte der Sakralbaukunst
|0 (DE-627)106421255
|
| 936 |
s |
n |
|a b100
|2 mzub
|
| 936 |
s |
n |
|a n100
|2 mzub
|
| 951 |
|
|
|a MC
|
| 990 |
|
|
|a Orden
|
| 990 |
|
|
|a Stift
|
| 990 |
|
|
|a Kloster
|
| 990 |
|
|
|a Hohenzollern
|
| 990 |
|
|
|a Orden
|
| 990 |
|
|
|a Stift
|
| 990 |
|
|
|a Kloster
|
| 990 |
|
|
|a Baden
|
| SPR |
|
|
|a Y
|
| JSO |
|
|
|a {"title":[{"title":"Badisches Klosterbuch","subtitle":"Klöster, Stifte und religiöse Gemeinschaften in Baden und Hohenzollern : von den Anfängen bis zur Säkularisation","title_sort":"Badisches Klosterbuch"}],"type":{"bibl":"edited-book"},"language":["ger"],"person":[{"display":"Dendorfer, Jürgen","family":"Dendorfer","given":"Jürgen","role":"edt"},{"family":"Zimmermann","display":"Zimmermann, Wolfgang","given":"Wolfgang","role":"edt"}],"origin":[{"publisherPlace":"Regensburg","dateIssuedDisp":"2025","dateIssuedKey":"2025","publisher":"Schnell & Steiner"}],"id":{"isbn":["9783795438470","3795438470"],"eki":["1893386821"]},"recId":"1893386821","name":{"displayForm":["herausgegeben von Jürgen Dendorfer und Wolfgang Zimmermann ; KGL, Kommission für geschichtliche Landeskunde in Baden-Württemberg"]},"corporate":[{"display":"Kommission für Geschichtliche Landeskunde in Baden-Württemberg","role":"isb"}]}
|
| SRT |
|
|
|a BADISCHESK2025
|